000 00674nam a2200241 i 4500
001 C2-0316944
003 PPAK
005 20180728113113.0
008 120812s2012 my |||| ||||| | may d
020 _a9789670127354
040 _aPPAK
_beng
_cPPAK
_erda
082 0 4 _a297.577
_223
090 0 0 _a297.577
_bMQU
_dG
100 0 _aM. Quraish Shihab,
_eauthor
245 1 0 _aPengantin Al-Quran
264 1 _aBatu Caves, Selangor :
_bPTS Darul Furqan ,
_c2012
300 _axvi, 208 pages ;
_c23 cm.
336 _2rdacontent
_atext
337 _2rdamedia
_aunmediated
338 _2rdacarrier
_avolume
650 1 0 _aMarriage - Religious aspects - Islam
942 _ddc
_cB
999 _c118046
_d118046